000 00520nam a2200181 i 4500
001 38254
003 ES-MaACL
005 20230906155727.0
007 t|
008 030225s1965 sp ||||1| spa d
100 1 _aCaldea, Ritchie.
_933571
245 1 0 _aDrogas salvadoras /
_cRitchie Caldea ; [traducción de A. Ribera].
250 _a1ª ed.
260 _aBarcelona, etc. :
_bPlaza y Janés,
_c[1965]
300 _a256 p., 2 lám. ;
_c18 cm.
700 1 _aRibera, A.
_996767
852 _aES-MaACL
_jC-27899
_bR.57324
999 _c38254
_d38254